[Event "Excelsior May op U1600"]
[Site "Toronto CAN"]
[Date "2023.05.21"]
[Round "4.20"]
[White "Naiboglu, Onur"]
[Black "Uyanik, Mehmet"]
[Result "1-0"]
[WhiteElo "1380"]
[BlackElo "1256"]
[PlyCount "77"]
[EventDate "2023.05.19"]
[EventType "swiss"]
[EventRounds "5"]
[EventCountry "CAN"]

1. e4 b6 2. d4 Bb7 3. Nc3 e6 4. a3 Nf6 5. f3 d5 6. e5 Nfd7 7. Bf4 c5 8. Nge2
Nc6 9. Bg3 cxd4 10. Nxd4 Ncxe5 11. Bb5 Bd6 12. Qe2 Nc4 13. Bxd6 Nxd6 14. Nxe6
Qe7 15. Nc7+ Kd8 16. Qxe7+ Kxe7 17. Nxa8 Bxa8 18. O-O-O Nf6 19. Rhe1+ Kd8 20.
Ba4 a6 21. Bb3 Kc7 22. Nxd5+ Nxd5 23. Bxd5 Bxd5 24. Rxd5 Kc6 25. Red1 Nc4 26.
Rd8 Rxd8 27. Rxd8 Ne3 28. Rg8 g6 29. Rg7 Nxg2 30. Rxf7 h5 31. Rf6+ Kc5 32. Rxg6
Nh4 33. Rg5+ Kd6 34. Rxh5 Nxf3 35. Rh6+ Kc5 36. h4 a5 37. h5 b5 38. Rf6 Nh4 39.
h6 1-0

[Event "Excelsior May op U1600"]
[Site "Toronto CAN"]
[Date "2023.05.21"]
[Round "4.21"]
[White "Zhan, Jayden Zihan"]
[Black "Fu, Ashley"]
[Result "1-0"]
[WhiteElo "1374"]
[BlackElo "860"]
[PlyCount "117"]
[EventDate "2023.05.19"]
[EventType "swiss"]
[EventRounds "5"]
[EventCountry "CAN"]

1. e4 e5 2. Nf3 Nc6 3. Bb5 a6 4. Ba4 Nf6 5. O-O b5 6. Bb3 Be7 7. Re1 d6 8. c3
Bg4 9. d3 O-O 10. Nbd2 a5 11. Nf1 a4 12. Bc2 b4 13. Bxa4 Bxf3 14. gxf3 Ra6 15.
Be3 bxc3 16. Bb5 cxb2 17. Rb1 Rxa2 18. Bxc6 Qc8 19. Ba4 Qb7 20. Bb3 Ra1 21. Nd2
Rfa8 22. Qc2 Nd7 23. Bd5 c6 24. Qxc6 Qxc6 25. Bxc6 Rd8 26. Rxa1 bxa1=Q 27. Rxa1
Nb8 28. Bd5 h6 29. Bb6 Rc8 30. Ra7 Re8 31. Nc4 Kf8 32. Kg2 g6 33. h4 Kg7 34. d4
exd4 35. Bxd4+ Kf8 36. e5 dxe5 37. Bxe5 Rd8 38. Nb6 Ke8 39. Bc7 Nd7 40. Bxd8
Bxd8 41. Nxd7 g5 42. h5 f6 43. Kg3 f5 44. Be6 f4+ 45. Kg4 Be7 46. Kf5 Bd8 47.
Kg6 Be7 48. Kxh6 Bd8 49. Kg6 Ke7 50. Bf5 Kd6 51. h6 Kd5 52. h7 Bf6 53. Nxf6+
Kd4 54. h8=Q Kc5 55. Ne4+ Kb6 56. Qb8+ Kc6 57. Rc7+ Kd5 58. Qd8+ Ke5 59. Re7#
1-0

[Event "Excelsior May op U1600"]
[Site "Toronto CAN"]
[Date "2023.05.21"]
[Round "4.22"]
[White "Lukinykh, Slava"]
[Black "Lin, Austin"]
[Result "1-0"]
[WhiteElo "1371"]
[BlackElo "1224"]
[PlyCount "173"]
[EventDate "2023.05.19"]
[EventType "swiss"]
[EventRounds "5"]
[EventCountry "CAN"]

1. e4 c6 2. d4 d5 3. Nc3 dxe4 4. Nxe4 Nf6 5. Nxf6+ exf6 6. Be3 Bd6 7. Bd3 Nd7
8. Ne2 Nf8 9. O-O Ne6 10. Re1 O-O 11. c3 Re8 12. Qc2 Nf8 13. a4 h6 14. a5 a6
15. b4 Bd7 16. Bc4 Be6 17. Bd3 Qc7 18. h3 Rad8 19. Qd2 Qc8 20. Nf4 Bf5 21. Nh5
Bxd3 22. Qxd3 Re6 23. Nf4 Re7 24. Re2 Rde8 25. Rae1 Ne6 26. Nxe6 Rxe6 27. Bd2
Rxe2 28. Rxe2 Rxe2 29. Qxe2 Qf5 30. f3 Qe6 31. Kf1 Bf8 32. Qxe6 fxe6 33. Bf4
Kf7 34. Ke2 Be7 35. Bc7 Bf8 36. Bb6 Bd6 37. Bc5 Bb8 38. Kd3 Bc7 39. c4 Bb8 40.
g4 Bc7 41. Ke4 Bb8 42. d5 e5 43. dxc6 bxc6 44. b5 cxb5 45. cxb5 axb5 46. a6 b4
47. a7 Bxa7 48. Bxa7 b3 49. Kd3 b2 50. Kc2 g6 51. Kxb2 f5 52. Kc2 e4 53. fxe4
fxe4 54. Be3 h5 55. gxh5 gxh5 56. h4 Kg6 57. Bg5 Kf5 58. Kd2 Ke6 59. Ke3 Ke5
60. Bh6 Kf5 61. Kd4 Kg4 62. Bg5 Kf5 63. Kd5 e3 64. Bxe3 Kg4 65. Bg5 Kf5 66. Bd8
Kg6 67. Ke4 Kg7 68. Kf5 Kh6 69. Ba5 Kh7 70. Kg5 Kg7 71. Kxh5 Kh7 72. Kg5 Kg7
73. h5 Kh7 74. Bc3 Kg8 75. Kg6 Kf8 76. h6 Kg8 77. h7+ Kf8 78. h8=Q+ Ke7 79.
Qf6+ Kd7 80. Kf7 Kc7 81. Qe6 Kb7 82. Qd6 Kc8 83. Qe7 Kb8 84. Ba5 Ka8 85. Bb6
Kb8 86. Qc7+ Ka8 87. Qa7# 1-0

[Event "Excelsior May op U1600"]
[Site "Toronto CAN"]
[Date "2023.05.21"]
[Round "4.23"]
[White "Li, Sarina"]
[Black "Khezri, Hamed"]
[Result "0-1"]
[WhiteElo "1033"]
[BlackElo "1210"]
[PlyCount "74"]
[EventDate "2023.05.19"]
[EventType "swiss"]
[EventRounds "5"]
[EventCountry "CAN"]

1. e4 e5 2. Nf3 Nc6 3. Bb5 a6 4. Ba4 Nf6 5. d3 b5 6. Bb3 h6 7. c3 Bc5 8. h3 O-O
9. Be3 Bxe3 10. fxe3 d6 11. Nbd2 Na5 12. Bc2 Bb7 13. b4 Nc6 14. a4 Ne7 15. Nb3
Ra7 16. axb5 Ra8 17. bxa6 Bxa6 18. c4 Ng6 19. g4 c6 20. Na5 Qb6 21. Qd2 d5 22.
exd5 cxd5 23. c5 Qe6 24. O-O e4 25. Ne1 Qe5 26. Ng2 h5 27. Rfb1 hxg4 28. hxg4
Nxg4 29. Nf4 Nh4 30. Bd1 Nf3+ 31. Bxf3 exf3 32. Nc6 Qg5 33. Nxd5 Ne5+ 34. Kh1
Nxc6 35. Rxa6 Rxa6 36. Nf4 Ne5 37. b5 Rh6+ 0-1

[Event "Excelsior May op U1600"]
[Site "Toronto CAN"]
[Date "2023.05.21"]
[Round "5.16"]
[White "Yusuf, Atiba"]
[Black "Fu, Odyssey"]
[Result "1-0"]
[WhiteElo "1399"]
[BlackElo "1320"]
[PlyCount "105"]
[EventDate "2023.05.19"]
[EventType "swiss"]
[EventRounds "5"]
[EventCountry "CAN"]

1. e4 c5 2. c3 Nf6 3. e5 Nd5 4. Nf3 Nc6 5. Na3 a6 6. Bc4 e6 7. Bxd5 exd5 8. d4
d6 9. Bf4 Bg4 10. Nc2 dxe5 11. dxe5 d4 12. O-O Qd5 13. Ne3 Qe4 14. Nxg4 Qxf4
15. h3 h5 16. Ngh2 O-O-O 17. cxd4 Nxd4 18. Re1 g5 19. g3 Qf5 20. Nxd4 Rxd4 21.
Qf3 Qh7 22. Qf6 g4 23. h4 Bh6 24. Qb6 Qc2 25. e6 fxe6 26. Qxe6+ Rd7 27. Rad1
Bd2 28. Nf1 Rh6 29. Qxd7+ Kxd7 30. Rxd2+ Qxd2 31. Nxd2 Rb6 32. b3 Rd6 33. Nc4
Rd4 34. Re5 Rd1+ 35. Kg2 b5 36. Ne3 Rd2 37. Rd5+ Rxd5 38. Nxd5 Kd6 39. Nf6 c4
40. bxc4 bxc4 41. Kf1 Ke5 42. Nxh5 c3 43. Ke2 a5 44. Kd3 c2 45. Kxc2 Ke4 46.
Kd2 Kf3 47. Ke1 a4 48. Nf6 a3 49. h5 Kg2 50. h6 Kh2 51. Nxg4+ Kg1 52. h7 Kg2
53. h8=Q 1-0

[Event "Excelsior May op U1600"]
[Site "Toronto CAN"]
[Date "2023.05.21"]
[Round "5.17"]
[White "Saltat, Michael"]
[Black "Naiboglu, Onur"]
[Result "1-0"]
[WhiteElo "1546"]
[BlackElo "1380"]
[PlyCount "57"]
[EventDate "2023.05.19"]
[EventType "swiss"]
[EventRounds "5"]
[EventCountry "CAN"]

1. e4 e5 2. Nf3 Nc6 3. Nc3 Nf6 4. Bb5 Bb4 5. O-O d6 6. d4 exd4 7. Nxd4 Bd7 8.
Bg5 Bxc3 9. bxc3 Ne5 10. Qe2 a6 11. Bxd7+ Nexd7 12. f4 Qb8 13. e5 dxe5 14. fxe5
Ng8 15. e6 Ndf6 16. exf7+ Kxf7 17. Qe6+ Kf8 18. Qd7 Qa7 19. Kh1 Re8 20. Ne6+
Rxe6 21. Qxe6 Qb6 22. Qxb6 cxb6 23. Rab1 b5 24. c4 bxc4 25. Rxb7 h6 26. Bxf6
gxf6 27. Rf4 h5 28. Rxc4 Rh6 29. Rc8# 1-0

[Event "Excelsior May op U1600"]
[Site "Toronto CAN"]
[Date "2023.05.21"]
[Round "5.18"]
[White "Sheth, Rudra"]
[Black "Chen, Matthew"]
[Result "1/2-1/2"]
[WhiteElo "1438"]
[BlackElo "1298"]
[PlyCount "122"]
[EventDate "2023.05.19"]
[EventType "swiss"]
[EventRounds "5"]
[EventCountry "CAN"]

1. e4 e5 2. Nc3 Nf6 3. f4 d5 4. fxe5 Nxe4 5. Qf3 Nc6 6. Bb5 Nxc3 7. bxc3 Qh4+
8. g3 Qe4+ 9. Qxe4 dxe4 10. Ne2 Bd7 11. Bxc6 Bxc6 12. Nd4 Ba4 13. Nb3 b6 14. d4
exd3 15. cxd3 c5 16. d4 Bc6 17. O-O c4 18. Nd2 b5 19. Rd1 O-O-O 20. a4 a6 21.
axb5 axb5 22. Nf1 Kb7 23. Ne3 Bd5 24. Rd2 Kb6 25. Rda2 Bb7 26. Rb1 Bd5 27. Rab2
Bc6 28. Nxc4+ Kc7 29. Na5 Be8 30. Be3 f6 31. e6 g5 32. Rd2 Ra8 33. Nb3 Bg6 34.
Rf1 Ra3 35. Rb2 Be7 36. d5 Bd3 37. Rd1 Bc4 38. Nd4 Rb8 39. Nf5 Bd6 40. h4 Rxc3
41. hxg5 fxg5 42. Bxg5 Rg8 43. Nxd6 Kxd6 44. Bf4+ Kc5 45. Rbd2 b4 46. e7 Bb5
47. d6 Bd7 48. Rd5+ Kc6 49. Rh5 Bg4 50. d7 Bxd7 51. Rxh7 b3 52. Rd6+ Kc5 53.
Rxd7 b2 54. Rc7+ Kd4 55. Rb7 Rc1+ 56. Kg2 b1=Q 57. Rxb1 Rxb1 58. Rf7 Ra1 59.
Rf8 Ra8 60. Rxa8 Rxa8 61. Bh6 Ke4 1/2-1/2

[Event "Excelsior May op U1600"]
[Site "Toronto CAN"]
[Date "2023.05.21"]
[Round "5.19"]
[White "Lukinykh, Slava"]
[Black "Zhan, Jayden Zihan"]
[Result "1-0"]
[WhiteElo "1371"]
[BlackElo "1374"]
[PlyCount "69"]
[EventDate "2023.05.19"]
[EventType "swiss"]
[EventRounds "5"]
[EventCountry "CAN"]

1. d4 Nf6 2. Bg5 d5 3. Bxf6 exf6 4. e3 Bd6 5. c4 c6 6. Nf3 Bg4 7. Nbd2 O-O 8.
Bd3 Na6 9. h3 Be6 10. a3 f5 11. O-O Nc7 12. Qc2 g6 13. c5 Be7 14. Ne5 f6 15.
Nef3 Kg7 16. h4 Qd7 17. g3 Bf7 18. h5 Rh8 19. Kg2 Ne6 20. Rh1 Nc7 21. Rh2 Rad8
22. Rah1 Qc8 23. Nh4 Ne6 24. hxg6 hxg6 25. Bxf5 Rxh4 26. Rxh4 gxf5 27. Qxf5 Rg8
28. Nf3 Kf8 29. Rh8 Qe8 30. R1h7 Ng7 31. Qg4 Bg6 32. Rh6 Bf7 33. Nh4 a5 34.
R6h7 a4 35. Qxg7# 1-0

[Event "Excelsior May op U1600"]
[Site "Toronto CAN"]
[Date "2023.05.21"]
[Round "5.20"]
[White "Chen, Michael"]
[Black "Vale, Noah"]
[Result "0-1"]
[WhiteElo "1288"]
[BlackElo "1393"]
[PlyCount "82"]
[EventDate "2023.05.19"]
[EventType "swiss"]
[EventRounds "5"]
[EventCountry "CAN"]

1. d4 d5 2. c4 c6 3. Nc3 Nf6 4. Nf3 Bf5 5. Qb3 b6 6. Ne5 e6 7. Bf4 Be7 8. e3
O-O 9. Be2 Qc8 10. Bf3 Nbd7 11. O-O Nxe5 12. Bxe5 Bd3 13. Rfe1 Bxc4 14. Qc2 c5
15. e4 Qd7 16. exd5 exd5 17. b3 Ba6 18. dxc5 bxc5 19. Rad1 Rad8 20. Bxd5 Qg4
21. Bxf6 Bxf6 22. Ne4 Bd4 23. Bc4 Bb7 24. Bf1 Bxe4 25. Rxe4 Qxd1 26. Qxd1 Bxf2+
27. Kxf2 Rxd1 28. a3 Rd4 29. Re7 Ra8 30. Rc7 Rd5 31. g4 Rd4 32. h3 Rf4+ 33. Kg3
Rxf1 34. Rxc5 g6 35. b4 Rd1 36. a4 Kf8 37. b5 Re8 38. a5 Re3+ 39. Kh4 h6 40. b6
Rdd3 41. g5 Rd4# 0-1

[Event "Excelsior May op U1600"]
[Site "Toronto CAN"]
[Date "2023.05.21"]
[Round "5.21"]
[White "Guan, Marie"]
[Black "Pedersen, Noah"]
[Result "1-0"]
[WhiteElo "1231"]
[BlackElo "1123"]
[PlyCount "49"]
[EventDate "2023.05.19"]
[EventType "swiss"]
[EventRounds "5"]
[EventCountry "CAN"]

1. e4 c5 2. Nc3 e6 3. f4 a6 4. Nf3 d6 5. a4 Nf6 6. Bc4 Nxe4 7. O-O Nxc3 8. dxc3
Be7 9. Qe1 O-O 10. b4 d5 11. Bd3 cxb4 12. cxb4 Qb6+ 13. Kh1 Qxb4 14. Qe5 Bf6
15. Bxh7+ Kxh7 16. Qh5+ Kg8 17. Ba3 Qxf4 18. Bxf8 Kxf8 19. Qh8+ Ke7 20. Qxc8
Bxa1 21. Qxb7+ Kf8 22. Rxa1 e5 23. Qxa8 e4 24. Qxd5 exf3 25. Qd8# 1-0

[Event "Excelsior May op U1600"]
[Site "Toronto CAN"]
[Date "2023.05.21"]
[Round "5.22"]
[White "Uyanik, Mehmet"]
[Black "Anish, Diganth"]
[Result "0-1"]
[WhiteElo "1256"]
[BlackElo "1169"]
[PlyCount "82"]
[EventDate "2023.05.19"]
[EventType "swiss"]
[EventRounds "5"]
[EventCountry "CAN"]

1. e4 c5 2. d4 cxd4 3. Nf3 Nc6 4. Nxd4 e5 5. Nxc6 bxc6 6. c4 Nf6 7. Nc3 Bb7 8.
Be3 Bb4 9. c5 Nxe4 10. Qc2 Bxc3+ 11. bxc3 Nf6 12. Bc4 O-O 13. Rd1 Qe7 14. O-O
Rfd8 15. Qf5 Qe8 16. Rd6 Nd5 17. Bg5 Rdb8 18. Rxd7 Bc8 19. Bd3 g6 20. Qf3 Bxd7
21. c4 Nb4 22. Bh6 Qe7 23. Be4 f5 24. Bb1 Qxc5 25. g4 Qe7 26. gxf5 Bxf5 27.
Bxf5 gxf5 28. Kh1 Kh8 29. Qxf5 Rg8 30. Rd1 Rad8 31. Rb1 Qd6 32. Bg5 Rdf8 33.
Qg4 Qg6 34. h4 Qxb1+ 35. Kg2 Qf5 36. Qe2 h6 37. f4 hxg5 38. hxg5 Rxg5+ 39. fxg5
Qxg5+ 40. Kh3 Qh6+ 41. Kg2 Rg8+ 0-1

[Event "Excelsior May op U1600"]
[Site "Toronto CAN"]
[Date "2023.05.21"]
[Round "5.23"]
[White "Lin, Austin"]
[Black "Chawla, Manav"]
[Result "0-1"]
[WhiteElo "1224"]
[BlackElo "1159"]
[PlyCount "92"]
[EventDate "2023.05.19"]
[EventType "swiss"]
[EventRounds "5"]
[EventCountry "CAN"]

1. e4 Nf6 2. e5 Nd5 3. c4 Nb6 4. Nc3 d6 5. exd6 exd6 6. Be2 Nc6 7. Nf3 Be7 8.
O-O Bf5 9. b3 Bf6 10. Bb2 O-O 11. d4 Re8 12. Qd2 h6 13. Nd1 Ne7 14. h3 Be4 15.
Nh2 d5 16. c5 Nd7 17. Bd3 Ng6 18. Bxe4 dxe4 19. Ng4 Bg5 20. Qc3 h5 21. Nge3 c6
22. Nc4 Nf4 23. Qc2 Qc7 24. Nd6 Re7 25. Nxe4 Bh6 26. Ng3 g6 27. Nc3 Nf6 28.
Rfe1 Rae8 29. Rxe7 Rxe7 30. Nce4 N6d5 31. Nc3 Nxc3 32. Bxc3 f5 33. Re1 h4 34.
Nf1 Rxe1 35. Bxe1 Qe7 36. Qc4+ Kf8 37. Bb4 Nd5 38. Ba3 Qe4 39. b4 a6 40. Bb2
Nf4 41. Ne3 Nd3 42. Qb3 Bxe3 43. fxe3 Qxe3+ 44. Kh1 Qe1+ 45. Kh2 Nf2 46. g3
Qh1# 0-1

[Event "Excelsior May op U1600"]
[Site "Toronto CAN"]
[Date "2023.05.21"]
[Round "5.24"]
[White "Khezri, Hamed"]
[Black "Khamidov, Bek"]
[Result "1/2-1/2"]
[WhiteElo "1210"]
[BlackElo "1069"]
[PlyCount "120"]
[EventDate "2023.05.19"]
[EventType "swiss"]
[EventRounds "5"]
[EventCountry "CAN"]

1. e4 e5 2. Nf3 Nc6 3. Bb5 a6 4. Ba4 Bc5 5. O-O d6 6. h3 Nf6 7. Re1 O-O 8. c3
b5 9. Bb3 Be6 10. Bc2 b4 11. d4 exd4 12. cxd4 Bb6 13. d5 Bxh3 14. gxh3 Ne7 15.
Be3 Qd7 16. Kh2 Ng6 17. Bxb6 cxb6 18. e5 Nf4 19. e6 fxe6 20. dxe6 Nxe6 21. Bf5
Rae8 22. Nd4 Nxd4 23. Bxd7 Rxe1 24. Qxd4 Nxd7 25. Qd2 Ne5 26. Kg2 Rg1+ 27. Kxg1
Nf3+ 28. Kf1 Nxd2+ 29. Nxd2 d5 30. a3 bxa3 31. Rxa3 a5 32. Rb3 Rf6 33. Rb5 Rd6
34. Nf3 Kf8 35. Ke2 Ke7 36. b3 Kd7 37. Nd4 Kc7 38. Ke3 Rh6 39. Rxd5 Rxh3+ 40.
Kf4 h6 41. f3 h5 42. Rg5 Rh4+ 43. Ke3 Rh1 44. Rxg7+ Kd6 45. f4 h4 46. Rh7 h3
47. Nf3 Rb1 48. Rxh3 Rxb3+ 49. Ke4 a4 50. Rh6+ Kc7 51. Nd4 Rb1 52. f5 a3 53. f6
a2 54. Nc2 Rc1 55. Rh2 Kd7 56. Rh7+ Ke8 57. Ra7 Rxc2 58. Ke5 Re2+ 59. Kd6 Rd2+
60. Ke6 Re2+ 1/2-1/2

[Event "Excelsior May op U1600"]
[Site "Toronto CAN"]
[Date "2023.05.21"]
[Round "5.26"]
[White "Roque, Alexa"]
[Black "Li, Sarina"]
[Result "1-0"]
[WhiteElo "874"]
[BlackElo "1033"]
[PlyCount "79"]
[EventDate "2023.05.19"]
[EventType "swiss"]
[EventRounds "5"]
[EventCountry "CAN"]

1. d4 d5 2. c4 c6 3. Nf3 Nf6 4. Nc3 Bf5 5. cxd5 Nxd5 6. Nxd5 cxd5 7. Qb3 Bc8 8.
Bf4 e6 9. a3 Bd6 10. Bxd6 Qxd6 11. e3 O-O 12. Bd3 Nc6 13. O-O a6 14. Qc2 f5 15.
Rfe1 Bd7 16. Nd2 Rac8 17. Qd1 b5 18. Nb3 e5 19. Rc1 e4 20. Be2 f4 21. Nc5 Na5
22. b4 Nc4 23. Nxd7 Qxd7 24. Bg4 Qf7 25. Bxc8 fxe3 26. fxe3 Qf2+ 27. Kh1 Nxe3
28. Qe2 Qxe2 29. Rxe2 Nc4 30. Be6+ Kh8 31. Bxd5 Nxa3 32. Rf2 Re8 33. Bxe4 g6
34. Rc7 Nc4 35. h3 Nd6 36. Bd5 Rd8 37. Be6 Re8 38. d5 Rd8 39. Rf6 Rb8 40. Bc8
1-0

[Event "Excelsior May op U2000"]
[Site "Toronto CAN"]
[Date "2023.05.19"]
[Round "1.6"]
[White "Murali, Dhruv"]
[Black "Faisy, Mohammed"]
[Result "1/2-1/2"]
[WhiteElo "1605"]
[BlackElo "1839"]
[PlyCount "87"]
[EventDate "2023.05.19"]
[EventType "swiss"]
[EventRounds "5"]
[EventCountry "CAN"]

1. b3 g6 2. Bb2 Nf6 3. e3 Bg7 4. d4 d5 5. Nf3 e6 6. Nbd2 Nbd7 7. c4 O-O 8. Bd3
b6 9. O-O Bb7 10. Rc1 c5 11. h3 a6 12. Qe2 Re8 13. Rfd1 Qb8 14. Ne5 cxd4 15.
exd4 Nxe5 16. dxe5 Nd7 17. f4 Bh6 18. g3 Nc5 19. cxd5 Nxd3 20. Qxd3 Bxd5 21.
Ne4 Bxe4 22. Qxe4 Bf8 23. Bd4 Rd8 24. Qc6 b5 25. Qb6 Qxb6 26. Bxb6 Rxd1+ 27.
Rxd1 Rc8 28. Rd2 Bb4 29. Rd8+ Rxd8 30. Bxd8 Kf8 31. Bb6 Ke7 32. Kf2 Kd7 33. Ke3
Kc6 34. Bd4 Kd5 35. Bb6 Bc5+ 36. Bxc5 Kxc5 37. a3 a5 38. Kd3 g5 39. h4 g4 40.
h5 h6 41. Kc3 Kd5 42. Kd3 Kc5 43. Kc3 Kd5 44. Kd3 1/2-1/2

[Event "Excelsior May op U2000"]
[Site "Toronto CAN"]
[Date "2023.05.19"]
[Round "1.7"]
[White "Orlovsky, Konstantin"]
[Black "Cottrell, Deparse"]
[Result "0-1"]
[WhiteElo "1824"]
[BlackElo "1604"]
[PlyCount "74"]
[EventDate "2023.05.19"]
[EventType "swiss"]
[EventRounds "5"]
[EventCountry "CAN"]

1. d4 Nf6 2. Nc3 d5 3. Bg5 e6 4. e4 dxe4 5. Bxf6 Qxf6 6. Nxe4 Qd8 7. Nf3 Be7 8.
Bd3 O-O 9. c3 b6 10. O-O Bb7 11. Ng3 Nd7 12. Qc2 Nf6 13. Rae1 c5 14. Ng5 h6 15.
N5e4 cxd4 16. Rd1 Kh8 17. Qe2 dxc3 18. Nxc3 Qc7 19. f4 Bc5+ 20. Kh1 Bd6 21. Nb5
Qb8 22. Nxd6 Qxd6 23. Ne4 Nxe4 24. Bxe4 Qe7 25. Bb1 Rad8 26. Rde1 Qb4 27. Rd1
Rxd1 28. Rxd1 Qxf4 29. h3 Bd5 30. Rf1 Qh4 31. Qd3 f5 32. Rc1 Qg5 33. Rc2 Be4
34. Qa3 Rd8 35. Kh2 Bxc2 36. Bxc2 Rd2 37. Qf8+ Kh7 0-1

[Event "Excelsior May op U2000"]
[Site "Toronto CAN"]
[Date "2023.05.19"]
[Round "1.8"]
[White "Chertkow, Matthew"]
[Black "Pham, Thai"]
[Result "0-1"]
[WhiteElo "1598"]
[BlackElo "1753"]
[PlyCount "82"]
[EventDate "2023.05.19"]
[EventType "swiss"]
[EventRounds "5"]
[EventCountry "CAN"]

1. e4 e5 2. Nf3 Nf6 3. Nc3 Nc6 4. d4 exd4 5. Nxd4 Bb4 6. Nxc6 bxc6 7. Bd3 d5 8.
e5 Ng8 9. O-O Ne7 10. f4 Bf5 11. Bxf5 Nxf5 12. Qg4 g6 13. a3 Bc5+ 14. Kh1 h5
15. Qh3 a5 16. Bd2 Ke7 17. Be1 Qb8 18. b3 h4 19. Bf2 Qa7 20. Kg1 Rh5 21. Qf3
Rg8 22. Na4 Bxf2+ 23. Qxf2 Qxf2+ 24. Rxf2 g5 25. h3 gxf4 26. Rxf4 Ne3 27. Kf2
Rxe5 28. Rxh4 Rxg2+ 29. Kf3 Nxc2 30. Rc1 Rge2 31. Rf4 Ne1+ 32. Kg3 Nd3 33. Rxc6
Nxf4 34. Kxf4 R2e4+ 35. Kf3 Re3+ 36. Kf4 R5e4+ 37. Kf5 Rf3+ 38. Kg5 f6+ 39. Kg6
Rg3+ 40. Kh5 Rg5+ 41. Kh6 Rh4# 0-1

[Event "Excelsior May op U2000"]
[Site "Toronto CAN"]
[Date "2023.05.19"]
[Round "1.9"]
[White "Deepak, Laksshana"]
[Black "Huang, Justin"]
[Result "1/2-1/2"]
[WhiteElo "1726"]
[BlackElo "1579"]
[PlyCount "211"]
[EventDate "2023.05.19"]
[EventType "swiss"]
[EventRounds "5"]
[EventCountry "CAN"]

1. e4 e6 2. d4 d5 3. Nc3 dxe4 4. Nxe4 Nc6 5. Nf3 Be7 6. c3 Nf6 7. Bd3 O-O 8.
Qc2 Nxe4 9. Bxe4 h6 10. g4 f5 11. gxf5 exf5 12. Qb3+ Kh8 13. Bxc6 bxc6 14. Ne5
Qe8 15. Kd1 Qh5+ 16. Kc2 Qe2+ 17. Bd2 Qe4+ 18. Nd3 Ba6 19. c4 Qxd4 20. Rhe1
Bxc4 21. Qc3 Qxd3+ 22. Qxd3 Bxd3+ 23. Kxd3 Bf6 24. Bc3 Rad8+ 25. Kc4 Bxc3 26.
Kxc3 Rf7 27. Re6 Rfd7 28. Re3 Kg8 29. Rae1 Rf8 30. R1e2 Rd5 31. b4 a5 32. a3
axb4+ 33. Kxb4 Rb5+ 34. Kc4 Ra8 35. Ra2 Ra4+ 36. Kc3 Kf7 37. Rd3 Rba5 38. Kb3
Ra7 39. Rc3 R4a6 40. a4 Rb6+ 41. Kc2 Rb4 42. a5 Ra6 43. Kd3 Rh4 44. f3 Ke6 45.
Rc5 g6 46. Kc3 Rh3 47. Rf2 Kd6 48. Kb4 Rh4+ 49. f4 Ke6 50. Kc3 Rh3+ 51. Kc4 Re3
52. Kb4 Re4+ 53. Kb3 Kd6 54. Rc4 Rxc4 55. Kxc4 Rxa5 56. Kb4 Rd5 57. Kc3 c5 58.
Rg2 g5 59. fxg5 hxg5 60. Rxg5 Re5 61. h4 Re3+ 62. Kd2 Rh3 63. Rxf5 Rxh4 64. Rf3
c4 65. Kc3 Kc6 66. Rf5 Kb6 67. Rg5 c6 68. Rg8 Kb5 69. Rg3 c5 70. Rf3 Rd4 71.
Rf8 Rd3+ 72. Kc2 Rh3 73. Rb8+ Kc6 74. Rc8+ Kb6 75. Rd8 Ra3 76. Kb2 Rd3 77. Rh8
c3+ 78. Kc2 Rg3 79. Rb8+ Kc6 80. Rb3 c4 81. Rxc3 Rg2+ 82. Kb1 Kc5 83. Rh3 Kb4
84. Rh8 Kb3 85. Rb8+ Kc3 86. Rc8 Rg1+ 87. Ka2 Rd1 88. Rc7 Rd4 89. Kb1 Rd5 90.
Rc8 Rb5+ 91. Kc1 Kb3 92. Kd2 Rd5+ 93. Kc1 Rf5 94. Kd2 Rf2+ 95. Kc1 Kc3 96. Kb1
Rf1+ 97. Ka2 Rc1 98. Rc7 Rc2+ 99. Kb1 Rb2+ 100. Kc1 Ra2 101. Kb1 Ra4 102. Rc8
Rb4+ 103. Kc1 Kb3 104. Kd2 Kb2 105. Rc7 Kb3 106. Rc8 1/2-1/2

[Event "Excelsior May op U2000"]
[Site "Toronto CAN"]
[Date "2023.05.19"]
[Round "1.10"]
[White "Sreekumar, Gauri"]
[Black "Hettigama, Thusitha"]
[Result "1-0"]
[WhiteElo "1557"]
[BlackElo "1684"]
[PlyCount "53"]
[EventDate "2023.05.19"]
[EventType "swiss"]
[EventRounds "5"]
[EventCountry "CAN"]

1. d4 Nf6 2. c4 g6 3. Nc3 Bg7 4. e4 d6 5. Be3 O-O 6. f3 Nbd7 7. Qd2 e5 8. d5
Qe7 9. O-O-O b6 10. g4 a5 11. h4 Nc5 12. h5 Ne8 13. Nh3 Bd7 14. Be2 Na4 15.
Nxa4 Bxa4 16. b3 Bd7 17. Ng5 Nf6 18. Rh2 b5 19. Rdh1 bxc4 20. hxg6 fxg6 21.
Nxh7 c3 22. Nxf6+ Qxf6 23. Qxc3 c6 24. dxc6 Bxc6 25. Bc4+ d5 26. exd5 Bd7 27.
Bh6 1-0

[Event "Excelsior May op U2000"]
[Site "Toronto CAN"]
[Date "2023.05.19"]
[Round "1.11"]
[White "Ambilwade, Ojal"]
[Black "O'Neill, Michael"]
[Result "0-1"]
[WhiteElo "1632"]
[BlackElo "1543"]
[PlyCount "96"]
[EventDate "2023.05.19"]
[EventType "swiss"]
[EventRounds "5"]
[EventCountry "CAN"]

1. Nf3 d5 2. d4 Nf6 3. Bf4 c5 4. e3 Nc6 5. c3 Qb6 6. Qc1 Bf5 7. dxc5 Qxc5 8.
Nbd2 e6 9. b4 Qb6 10. Be2 h6 11. a4 a5 12. b5 Nb8 13. Nd4 Bh7 14. O-O Nbd7 15.
N2f3 Be7 16. Qb2 Rc8 17. Rfc1 O-O 18. c4 Rfd8 19. Ne5 Nxe5 20. Bxe5 Nd7 21. Bg3
dxc4 22. Bxc4 Bf6 23. Be2 Nc5 24. Rd1 e5 25. Nf3 e4 26. Nd4 Nd3 27. Qb3 Bxd4
28. exd4 Qxd4 29. Ra3 Rc1 30. Bxd3 Rxd1+ 31. Qxd1 exd3 32. h3 Qb2 33. Ra1 Qxa1
34. Qxa1 d2 35. Kh2 d1=Q 36. Qc3 Qd2 37. Qc7 Be4 38. Qc4 Qd5 39. Qf1 Bxg2 40.
Qg1 Bf3 41. Bf4 Qd1 42. Qxd1 Bxd1 43. Bc7 Ra8 44. b6 Bxa4 45. Bd6 Bc6 46. Ba3
Ra6 47. Bc5 a4 48. Bd4 a3 0-1

[Event "Excelsior May op U2000"]
[Site "Toronto CAN"]
[Date "2023.05.20"]
[Round "2.6"]
[White "Pham, Thai"]
[Black "Sreekumar, Gauri"]
[Result "1/2-1/2"]
[WhiteElo "1753"]
[BlackElo "1557"]
[PlyCount "96"]
[EventDate "2023.05.19"]
[EventType "swiss"]
[EventRounds "5"]
[EventCountry "CAN"]

1. c4 Nf6 2. Nf3 g6 3. b3 d6 4. g3 Bg7 5. Bb2 O-O 6. Bg2 c5 7. d4 Bg4 8. h3 Bd7
9. O-O cxd4 10. Nxd4 Nc6 11. Nc2 Qc8 12. Kh2 Ng4+ 13. hxg4 Bxb2 14. Nd2 Bxa1
15. Qxa1 Bxg4 16. f3 Be6 17. e4 f5 18. f4 fxe4 19. Ne3 Qd8 20. Nxe4 Qb6 21. c5
dxc5 22. Ng5 Nd4 23. Nxe6 Nxe6 24. Bd5 Rad8 25. Nc4 Qa6 26. Qe5 Rxd5 27. Qxd5
Rd8 28. Qg2 Nd4 29. Re1 Kf8 30. a4 Qc6 31. Qxc6 Nxc6 32. Re3 Rd1 33. Kh3 Rb1
34. Kg4 h6 35. f5 gxf5+ 36. Kxf5 Nd4+ 37. Kg6 Rxb3 38. Rxb3 Nxb3 39. Kxh6 Nd4
40. g4 a6 41. a5 Nc6 42. g5 e5 43. Kh7 e4 44. g6 Ne7 45. g7+ Kf7 46. Nd6+ Ke6
47. Nxe4 c4 48. Nc3 Ke5 1/2-1/2

[Event "Excelsior May op U2000"]
[Site "Toronto CAN"]
[Date "2023.05.20"]
[Round "2.7"]
[White "Cottrell, Deparse"]
[Black "O'Neill, Michael"]
[Result "1-0"]
[WhiteElo "1604"]
[BlackElo "1543"]
[PlyCount "75"]
[EventDate "2023.05.19"]
[EventType "swiss"]
[EventRounds "5"]
[EventCountry "CAN"]

1. d4 d5 2. c4 c6 3. Nc3 Nf6 4. Nf3 e6 5. Bg5 Nbd7 6. e3 Qa5 7. Bxf6 Nxf6 8.
cxd5 exd5 9. Rc1 Bb4 10. Qb3 O-O 11. Bd3 Ne4 12. O-O Bf5 13. Bb1 Rfe8 14. Nxe4
dxe4 15. Ng5 Bg6 16. f4 exf3 17. Bxg6 Qxg5 18. Bxf7+ Kh8 19. Rxf3 Bd2 20. Bxe8
Rxe8 21. Rcf1 Qe7 22. Qd3 Bb4 23. Rh3 h6 24. Qg6 Rf8 25. Rxf8+ Qxf8 26. Rf3 Qe7
27. Qf7 Qe4 28. a3 Be7 29. Qf5 Qxf5 30. Rxf5 Kg8 31. e4 g6 32. Rf3 c5 33. d5
Bd6 34. Rf6 Be5 35. Rxg6+ Kf7 36. Rxh6 Bxb2 37. Rh7+ Kf6 38. Rxb7 1-0